Movies Quiz

Random Movies or Actor Quiz

Actor Pairings II Quiz Stats

 Plays Quiz Updated Dec 26, 2018

Score 0/41 Timer 07:00
0 Plays Today
Acting Pair Movie % Correct
Keanu Reeves and Sandra BullockSpeed
75.3%
Tom Hanks and Gary SiniseForrest Gump
68.5%
Robert De Niro and Joe PesciGoodfellas
65.1%
Johnny Depp and Helena Bonham CarterAlice in Wonderland
60.8%
Liv Tyler and Ben AffleckArmageddon
57.5%
Bruce Willis and Samuel L. JacksonPulp Fiction
55%
Johnny Depp and Helena Bonham CarterSweeney Todd: The Demon Barber of Fleet Street
50.6%
Woody Allen and Diane KeatonAnnie Hall
46.4%
Robert De Niro and Joe PesciCasino
45.8%
Bruce Willis and Samuel L. JacksonDie Hard With a Vengeance
41.2%
Tom Hanks and Gary SiniseApollo 13
40.5%
Keanu Reeves and Sandra BullockThe Lake House
40.2%
Brad Pitt and Cate BlanchettThe Curious Case of Benjamin Button
39.9%
Bruce Willis and Samuel L. JacksonGlass
35.1%
Robert De Niro and Joe PesciRaging Bull
33%
Bruce Willis and Samuel L. JacksonUnbreakable
30.9%
Johnny Depp and Helena Bonham CarterCorpse Bride
30.4%
Dan Aykroyd and Jamie Lee CurtisTrading Places
29.5%
Johnny Depp and Helena Bonham CarterCharlie and the Chocolate Factory
28.7%
Johnny Depp and Helena Bonham CarterAlice Through the Looking Glass
28.5%
Liv Tyler and Ben AffleckJersey Girl
28.1%
Acting Pair Movie % Correct
Woody Allen and Diane KeatonManhattan
19.1%
Brad Pitt and Cate BlanchettBabel
19.1%
Sigourney Weaver and Kevin KlineDave
18.5%
Michelle Pfeiffer and Jack NicholsonWolf
18.2%
Dan Aykroyd and Jamie Lee CurtisMy Girl
15%
Michelle Pfeiffer and Jack NicholsonThe Witches of Eastwick
14.7%
Tom Hanks and Gary SiniseThe Green Mile
13.1%
Dan Aykroyd and Jamie Lee CurtisMy Girl 2
10.7%
Woody Allen and Diane KeatonSleeper
9.8%
Chevy Chase and Goldie HawnFoul Play
6.7%
Woody Allen and Diane KeatonManhattan Murder Mystery
5.8%
Robert De Niro and Joe PesciA Bronx Tale
5.8%
Robert De Niro and Joe PesciThe Good Shepherd
5.2%
Robert De Niro and Joe PesciOnce Upon a Time in America
4.6%
Sigourney Weaver and Kevin KlineThe Ice Storm
4.5%
Chevy Chase and Goldie HawnSeems Like Old Times
4.3%
Woody Allen and Diane KeatonLove and Death
4%
Dan Aykroyd and Jamie Lee CurtisChristmas with the Kranks
3.4%
Woody Allen and Diane KeatonPlay It Again Sam
2.7%
Sigourney Weaver and Kevin KlineThe Tale of Despereaux
0.7%

You're not logged in!

Compare scores with friends on all Sporcle quizzes.
OR
Log In

Sporcle TV

Today on Sporcle TV


Watch our educational content, quiz creation guides, and fun videos on Sporcle TV.

Show Comments

Extras

Top Quizzes Today


Score Distribution

Your Account Isn't Verified!

In order to create a playlist on Sporcle, you need to verify the email address you used during registration. Go to your Sporcle Settings to finish the process.

Report this User

Report this user for behavior that violates our Community Guidelines.

Details: